Identifikácia hovoriaceho

Salvato in:
Dettagli Bibliografici
Autore principale: Virág, Samuel (Autore)
Altri autori: Kačur, Juraj (Relatore della tesi)
Natura: Manoscritto Libro
Lingua:slovacco
Pubblicazione: Bratislava : STU v Bratislave FEI, 2024
Soggetti:
Accesso online:https://opac.crzp.sk/?fn=detailBiblioFormChildUQSOK&sid=9A7D98113A4E7D6F04AF72A0EB46&seo=CRZP-detail-kniha
Tags: Aggiungi Tag
Nessun Tag, puoi essere il primo ad aggiungerne!!

MARC

LEADER 00000ntm a22000003a 4500
001 stuzp96710
003 SK-STU
005 20250514143533.3
007 ta
008 150427s2015----xo-----f-mn---000-0-slo-d
040 |a STU  |b slo 
041 0 |a slo 
044 |a xo 
100 1 |a Virág, Samuel  |u 037000  |4 aut  |U FEI Fakulta elektrotechniky a informatiky  |T FEI Ústav multimediálnych informačných a komunikačných technológií  |X 104629  |U E070  |Y 818  |7 104629 
242 0 1 |a Speaker identification  |y eng 
245 1 0 |a Identifikácia hovoriaceho 
260 |a Bratislava :  |b STU v Bratislave FEI,  |c 2024 
300 |a 82 s. 
650 4 |a attention mechanizmus  |2 slo 
650 4 |a biometria  |2 slo 
650 4 |a identifikácia  |2 slo 
650 4 |a attention mechanism  |2 eng 
650 4 |a identification  |2 eng 
650 4 |a biometry  |2 eng 
700 1 |a Kačur, Juraj  |u 037000  |k Z1  |4 ths  |U FEI Fakulta elektrotechniky a informatiky  |T FEI Ústav multimediálnych informačných a komunikačných technológií  |X 1861  |U E070  |Y 818  |7 A000001861 
856 4 |u https://opac.crzp.sk/?fn=detailBiblioFormChildUQSOK&sid=9A7D98113A4E7D6F04AF72A0EB46&seo=CRZP-detail-kniha